| 000 | 00511nam a2200193Ia 4500 | ||
|---|---|---|---|
| 008 | 170918s9999 xx 000 0 und d | ||
| 020 | _a9789810787875 | ||
| 050 | _bA581hi 2014 | ||
| 100 | _aAnd, Su-Lin | ||
| 245 | _aHidden in plain sight : | ||
| 245 | _bthe story of a treasure hunt / | ||
| 245 | _cby Su-Lin Ang ; illustrated by Komeil Yousefi Zairin. | ||
| 260 | _aNew York : | ||
| 260 | _bScholastic, | ||
| 260 | _c2014 | ||
| 300 | _a198 pages : | ||
| 300 | _billustrations : | ||
| 300 | _c19cm. | ||
| 999 |
_c344129 _d344129 |
||